000 00306nam a22001337a 4500
008 170608b xxu||||| |||| 00| 0 eng d
020 _a9780806125152
041 _aeng
080 _a94
100 _a18
101 _aSHH
245 _aTHE PEQUOTS IN SOUTHERN NEW ENGLAND
_cHAUPTMAN,L.M
942 _2udc
_cBK
999 _c16368
_d16368